[Event "Szkolne Indywidualne Mistrzostwa Polski 2021 - Dziewczeta do lat 15 i 17"]
[Site "Pokrzywna"]
[Date "1899-12-30"]
[Round "7.1"]
[White "Szymura, Oliwia"]
[Black "Labedz, Gabriela"]
[Result "0-1"]
[WhiteTitle "II"]
[BlackTitle "I"]
[WhiteElo "1251"]
[BlackElo "1378"]

1. d4 d6 2. e4 Nf6 3. Bd3 e5 4. d5 Nbd7 5. c4 Nc5 6. Nc3 Be7 7. b4 Nxd3+ 8. Qxd3
c6 9. Rb1 O-O 10. Nge2 Nh5 11. O-O f5 12. Ng3 Nxg3 13. fxg3 fxe4 14. Rxf8+ Qxf8
15. Nxe4 Bf5 16. Bd2 Qf7 17. dxc6 bxc6 18. Qe2 d5 19. cxd5 Qxd5 20. Re1 Bxe4 21.
Qxe4 Qxd2 22. Qxe5 Bf6 23. Qe6+ Kf8 24. Qe4 Qd4+ 25. Qxd4 Bxd4+ 26. Kf1 Bc3 27.
Rc1 Bxb4 28. Rxc6 a5 29. Rc7 Rd8 30. Rc2 Rd2 31. Rxd2 Bxd2 32. Ke2 Bb4 33. a4
Ke7 34. Ke3 Kd6 35. Kf4 Kc5 36. g4 Bc3 37. Ke4 Kb4 38. h4 Kxa4 39. Kd3 Bb2 40.
g5 Kb3 41. h5 a4 42. g4 Ba1 43. Ke4 a3 44. Kf5 a2 45. g6 h6 46. g5 Bc3 47. gxh6
gxh6 48. Ke6 a1=Q 49. Kf7 Qa6 50. Kg8 Qf6 51. Kh7 Qg7# 0-1

[Event "Szkolne Indywidualne Mistrzostwa Polski 2021 - Dziewczeta do lat 15 i 17"]
[Site "Pokrzywna"]
[Date "1899-12-30"]
[Round "7.2"]
[White "Pietrzak, Emilia"]
[Black "Pawlak, Emilia"]
[Result "0-1"]
[WhiteTitle "I"]
[BlackTitle "I"]
[WhiteElo "1504"]
[BlackElo "1515"]

1. e4 c5 2. Nf3 d6 3. Bb5+ Bd7 4. Bxd7+ Nxd7 5. O-O Ngf6 6. Re1 e6 7. c3 Be7 8.
d4 cxd4 9. cxd4 d5 10. Nc3 dxe4 11. Ng5 O-O 12. Ngxe4 Nxe4 13. Nxe4 Nf6 14. Bg5
Nxe4 15. Bxe7 Qxe7 16. Rxe4 Rad8 17. Qa4 a6 18. Qa5 Qf6 19. Rd1 Rd5 20. Qc7 Rb5
21. b3 Rf5 22. f3 Rg5 23. Kf2 Rb5 24. Re5 Rxe5 25. dxe5 Qh4+ 26. Kg1 Qb4 27. h3
h6 28. Qd6 Qc3 29. Qd4 Qa5 30. a4 Rc8 31. Qd7 Rc7 32. Qd8+ Kh7 33. Qd3+ Kg8 34.
Qd8+ Kh7 35. Qd3+ g6 36. f4 Qb6+ 37. Kh2 Qf2 38. Rf1 Qc2 39. Rd1 Qf2 40. Rf1 Qc5
41. Rd1 Qb4 42. Qe3 Rc3 43. Rd4 Qxb3 44. Qd2 Rc2 45. Qd1 Qb2 46. Qg1 Rf2 47. Rc4
Qd2 48. Rc7 Kg7 49. Rc4 Rxf4 50. Rc1 Rxa4 51. Rd1 Qf4+ 52. Kh1 Qxe5 53. Rd7 Ra1
54. Rd1 Rxd1 55. Qxd1 0-1

[Event "Szkolne Indywidualne Mistrzostwa Polski 2021 - Dziewczeta do lat 15 i 17"]
[Site "Pokrzywna"]
[Date "1899-12-30"]
[Round "7.3"]
[White "Zabrzanska, Weronika"]
[Black "Matusik, Zuzanna"]
[Result "1-0"]
[WhiteTitle "k"]
[BlackTitle "I"]
[WhiteElo "1951"]
[BlackElo "1209"]

1. e4 e5 2. Nf3 Nc6 3. Bc4 Bc5 4. O-O Nf6 5. d4 Nxd4 6. Nxe5 O-O 7. Be3 d6 8. Nxf7
Rxf7 9. Bxf7+ Kxf7 10. Bxd4 Bxd4 11. Qxd4 Qe7 12. Nc3 Bd7 13. Rfe1 Bc6 14. Nd5
Qd7 15. Rad1 a6 16. Rd3 Re8 17. Rf3 Qd8 18. Qc4 Kf8 19. Qd4 Kf7 20. Qd2 Kg8 21.
Nxf6+ gxf6 22. Qh6 Qe7 23. Ree3 Bxe4 24. Rg3+ Bg6 25. Rxe7 Rxe7 26. Re3 Rd7 27.
Qh3 Rd8 28. Re7 1-0

[Event "Szkolne Indywidualne Mistrzostwa Polski 2021 - Dziewczeta do lat 15 i 17"]
[Site "Pokrzywna"]
[Date "1899-12-30"]
[Round "7.4"]
[White "Szopa, Emilia"]
[Black "Miarecka, Natalia"]
[Result "1-0"]
[WhiteTitle "I++"]
[BlackTitle "I"]
[WhiteElo "1653"]
[BlackElo "1262"]

1. e4 e5 2. Nf3 Nf6 3. d4 Nxe4 4. Bd3 d5 5. Nxe5 Nd7 6. Nxd7 Bxd7 7. Qe2 Qe7 8.
Bf4 O-O-O 9. O-O g5 10. Bc1 Re8 11. f3 Nd6 12. Qd2 h6 13. Qa5 Kb8 14. Qxd5 Bg7
15. c3 Bc6 16. Qb3 b6 17. a4 a5 18. Na3 Qe6 19. Qxe6 Rxe6 20. Nc4 Bb7 21. Nxd6
Rxd6 22. Bc4 f5 23. Re1 Rhd8 24. Re7 Bh8 25. Be3 Bd5 26. Bxd5 Rxd5 27. Re6 R5d6
28. Rxd6 Rxd6 29. Re1 Re6 30. Bf2 Rxe1+ 31. Bxe1 Kc8 32. Kf1 Kd7 33. Ke2 Kd6 34.
Kd3 Kd5 35. c4+ Kd6 36. Bc3 Bg7 37. g4 fxg4 38. fxg4 Bf6 39. Ke4 Ke6 40. d5+ Kf7
41. Bxf6 Kxf6 42. b3 Ke7 43. Kf5 Kf7 44. h3 Kg7 45. Ke6 1-0